00000000nam 2200000zi 4500
0019.922117
003CaOODSP
00520230502142059
006m     o  d f      
007cr |n|||||||||
008230501e20230307onc     o    f|0| 0 eng d
040 |aCaOODSP|beng|erda|cCaOODSP
043 |an-cn---
0861 |aYN5-263/2023E-PDF
24500|aCosting the Express Entry immigration process.
264 1|aOttawa : |bOffice of the Parliamentary Budget Officer = Bureau du Directeur parlementaire du budget, |cMarch 7, 2023.
264 4|c©2023
300 |a1 online resource (15 pages)
336 |atext|btxt|2rdacontent
337 |acomputer|bc|2rdamedia
338 |aonline resource|bcr|2rdacarrier
500 |aIssued also in French under title: Coût du programme d’immigration d’Entrée express.
500 |a"RP-2223-026-S_e."
520 |a"In this report, the Parliamentary Budget Officer (PBO) undertakes an analysis of the direct fiscal costs of processing the applications of the economic streams of immigration through the Express Entry (EE) system: Federal Skilled Workers (FSW), Canadian Experience Class (CEC) and Federal Skilled Trades (FST). This system is used for all of Canada, excluding Quebec (hereafter referred to as rest of Canada (ROC)). Quebec runs a separate system, which is not covered in this report"--Summary, page 1.
650 0|aAssisted emigration|zCanada|xCosts.
651 0|aCanada|xEmigration and immigration|xGovernment policy.
7101 |aCanada. |bOffice of the Parliamentary Budget Officer, |eissuing body.
77508|tCoût du programme d’immigration d’Entrée express.|w(CaOODSP)9.922164
85640|qPDF|s317 KB|uhttps://publications.gc.ca/collections/collection_2023/dpb-pbo/YN5-263-2023-eng.pdf